[Event "40th Olympiad Women"]
[Site "Istanbul TUR"]
[Date "2012.09.06"]
[Round "9.9"]
[Board "1"]
[White "Hoang, Thanh Trang"]
[Black "Muzychuk, Anna"]
[Result "1/2-1/2"]
[WhiteTitle "GM"]
[BlackTitle "GM"]
[WhiteElo "2464"]
[BlackElo "2606"]
[WhiteTeam "Hungary"]
[BlackTeam "Slovenia"]
[WhiteFideId "12400149"]
[BlackFideId "14111330"]
[EventDate "2012.08.28"]

1. d4 Nf6 2. Nf3 e6 3. Bf4 c5 4. e3 d5 5. c3 Nc6 6. Nbd2 Bd6 7. Bg3 Qe7 8. Ne5
Nd7 9. f4 O-O 10. Bd3 f6 11. Bh4 Qe8 12. Nxd7 Bxd7 13. O-O e5 14. dxe5 fxe5 15.
f5 c4 16. Nxc4 Be7 17. Bxe7 Qxe7 18. Na3 e4 19. Be2 Qc5 20. Nc2 Bxf5 21. Nd4
Nxd4 22. Qxd4 Qxd4 23. cxd4 Rac8 24. Rac1 Be6 25. Rxf8+ Kxf8 26. Rxc8+ Bxc8 27.
Kf2 Ke7 28. Kg3 Kf6 29. h4 g6 30. Bg4 Bxg4 31. Kxg4 h6 32. Kf4 Ke6 33. Kg4 Kf6 1/2-1/2

[Event "40th Olympiad Women"]
[Site "Istanbul TUR"]
[Date "2012.09.06"]
[Round "9.9"]
[Board "2"]
[White "Rozic, Vesna"]
[Black "Gara, Ticia"]
[Result "1/2-1/2"]
[WhiteTitle "WIM"]
[BlackTitle "WGM"]
[WhiteElo "2260"]
[BlackElo "2385"]
[WhiteTeam "Slovenia"]
[BlackTeam "Hungary"]
[WhiteFideId "14604000"]
[BlackFideId "717444"]
[EventDate "2012.08.28"]

1. d4 Nf6 2. c4 g6 3. g3 Bg7 4. Bg2 d5 5. cxd5 Nxd5 6. e4 Nb6 7. Ne2 c5 8. d5
O-O 9. O-O e6 10. Nec3 Na6 11. Na3 exd5 12. exd5 Bf5 13. Be3 Qd7 14. Qd2 Rfe8
15. Rad1 Bg4 16. f3 Bh3 17. Bf2 Bxg2 18. Kxg2 Rad8 19. d6 Re6 20. Ncb5 Nc8 21.
Rfe1 Be5 22. Nc4 Qxb5 23. Nxe5 Rdxd6 24. Qf4 Qe8 25. Ng4 Qe7 26. Rxe6 Rxe6 27.
a3 h5 28. Ne3 Kg7 29. Nd5 Qd6 30. Qc1 Qc6 31. Qc3+ f6 32. Nf4 Rd6 33. Re1 Qd7
34. Re2 b6 35. Qc2 Qf7 36. Qe4 Nc7 37. Qb7 Qd7 38. Qe4 Qf7 39. Qb7 Qd7 40. Qe4
Qf7 41. Qb7 1/2-1/2

[Event "40th Olympiad Women"]
[Site "Istanbul TUR"]
[Date "2012.09.06"]
[Round "9.9"]
[Board "3"]
[White "Gara, Anita"]
[Black "Krivec, Jana"]
[Result "1-0"]
[WhiteTitle "IM"]
[BlackTitle "WGM"]
[WhiteElo "2306"]
[BlackElo "2240"]
[WhiteTeam "Hungary"]
[BlackTeam "Slovenia"]
[WhiteFideId "709751"]
[BlackFideId "14601982"]
[EventDate "2012.08.28"]

1. e4 e5 2. Nf3 Nc6 3. Bc4 Nf6 4. d3 Bc5 5. O-O O-O 6. Nbd2 d6 7. c3 a6 8. Bb3
Ba7 9. Re1 Nh5 10. Nf1 Qf6 11. Bg5 Qg6 12. Qd2 h6 13. Be3 Qf6 14. d4 g5 15. dxe5
dxe5 16. Bxa7 Rxa7 17. Ne3 Be6 18. Nd5 Qd8 19. Rad1 Ng7 20. h4 f6 21. Qe3 Qb8
22. Rd2 b6 23. Red1 Qe8 24. Ba4 b5 25. Bb3 Kh7 26. Qc5 Rb7 27. Ne3 Bxb3 28. axb3
Rf7 29. hxg5 hxg5 30. Nd5 Kg6 31. Qe3 Ne6 32. Nh2 Ng7 33. Ng4 Nh5 34. Qh3 Qe6
35. Rd3 Rh7 36. Qf3 Nf4 37. Ngxf6 Rh4 38. R3d2 Rb8 39. Nxc7 Rbh8 40. Nh5 R4xh5
41. Qxh5+ Kxh5 42. Nxe6 Nxe6 43. Rd6 Ned8 44. b4 Kg4 45. g3 Kf3 46. Re1 Kg4 47.
Kg2 Rf8 48. Rh1 Rf3 49. Rh7 1-0

[Event "40th Olympiad Women"]
[Site "Istanbul TUR"]
[Date "2012.09.06"]
[Round "9.9"]
[Board "4"]
[White "Srebrnic, Ana"]
[Black "Papp, Petra"]
[Result "1-0"]
[WhiteTitle "WGM"]
[BlackTitle "WGM"]
[WhiteElo "2211"]
[BlackElo "2302"]
[WhiteTeam "Slovenia"]
[BlackTeam "Hungary"]
[WhiteFideId "14603314"]
[BlackFideId "739049"]
[EventDate "2012.08.28"]

1. c4 e6 2. Nc3 d5 3. cxd5 exd5 4. d4 c6 5. Qc2 Nf6 6. Bg5 Be7 7. e3 h6 8. Bf4
Nbd7 9. h3 Nf8 10. Bd3 Ne6 11. Bg3 O-O 12. Nge2 Re8 13. O-O Bd6 14. Rae1 Ng5 15.
Bxd6 Qxd6 16. Ng3 Bd7 17. f4 Ne6 18. Nf5 Qc7 19. Qf2 Nf8 20. Nh4 Ne4 21. Nxe4
dxe4 22. Bc4 c5 23. Rc1 b6 24. f5 Qd6 25. dxc5 bxc5 26. Rfd1 Qf6 27. Rd5 Rac8
28. Rcd1 Rc7 29. Qf4 Rb7 30. b3 Bc8 31. Rd6 Qg5 32. Qf2 Rd7 33. Rxd7 Nxd7 34.
Bb5 Rd8 35. f6 g6 36. Qf4 a6 37. Bc6 Qh5 38. Rd5 g5 39. Qc7 Rf8 40. Bxd7 Bxd7
41. Qxd7 Qxh4 42. Qe7 Qe1+ 43. Kh2 Qa5 44. b4 Qb6 45. bxc5 Qb8+ 46. Rd6 Re8 47.
Qd7 Re6 48. Qc6 Rxf6 49. Qxa6 Rf2 50. Qb6 Rb2 51. Qxb8+ Rxb8 52. c6 Kg7 53. c7
Rc8 54. Rc6 Kf8 55. Kg3 f5 56. a4 Ke7 57. Rxh6 Kd7 58. Rh7+ Ke6 59. a5 Ke5 60.
Re7+ Kf6 61. Rh7 Ke5 62. a6 f4+ 63. Kf2 Kd6 64. Rg7 f3 65. gxf3 Rf8 66. Ke2
exf3+ 67. Kf2 Kc6 68. a7 Rh8 69. Rxg5 Kxc7 70. Ra5 Ra8 71. Kxf3 1-0

[Event "40th Olympiad Women"]
[Site "Istanbul TUR"]
[Date "2012.09.06"]
[Round "9.10"]
[Board "1"]
[White "Pham, Le Thao Nguyen"]
[Black "Paehtz, Elisabeth"]
[Result "1/2-1/2"]
[WhiteTitle "WGM"]
[BlackTitle "IM"]
[WhiteElo "2393"]
[BlackElo "2483"]
[WhiteTeam "Vietnam"]
[BlackTeam "Germany"]
[WhiteFideId "12401226"]
[BlackFideId "4641833"]
[EventDate "2012.08.28"]

1. Nf3 e6 2. d4 c5 3. c3 Nc6 4. g3 Nf6 5. Bg2 d5 6. O-O Be7 7. h3 O-O 8. Be3 b6
9. Nbd2 Bb7 10. Rc1 Rc8 11. a3 a5 12. Re1 Ba6 13. Bf4 Nh5 14. Be3 f5 15. Bf4
Nxf4 16. gxf4 Bf6 17. e3 Kh8 18. Kh1 Bd3 19. Rg1 Be4 20. Ne1 Bxg2+ 21. Rxg2 cxd4
22. cxd4 Ne7 23. Nd3 Rxc1 24. Qxc1 Qe8 25. Qd1 Qb5 26. Nf3 Rc8 27. Nfe5 Qe8 28.
Kh2 Nc6 29. Nxc6 Qxc6 30. Rg1 Qc2 31. Qxc2 Rxc2 32. Rc1 Rxc1 33. Nxc1 Kg8 34. a4
Kf7 35. Nd3 Ke8 36. Kg2 Be7 37. Kf3 Bd6 38. Ne1 Kf7 39. h4 Be7 40. Kg3 Bf6 41.
Nf3 h6 42. Kh3 Kg6 43. Kg3 Kh5 44. Kh3 Kg6 45. Kg3 Kf7 46. Kh3 Ke8 47. Kg2 Kd7
48. b3 Kd6 49. Kf1 Kd7 50. Kg2 Ke8 51. Kg3 Kf7 52. Kh3 Ke8 1/2-1/2

[Event "40th Olympiad Women"]
[Site "Istanbul TUR"]
[Date "2012.09.06"]
[Round "9.10"]
[Board "2"]
[White "Melamed, Tetyana"]
[Black "Nguyen, Thi Mai Hung"]
[Result "1-0"]
[WhiteTitle "WGM"]
[BlackTitle "WIM"]
[WhiteElo "2356"]
[BlackElo "2212"]
[WhiteTeam "Germany"]
[BlackTeam "Vietnam"]
[WhiteFideId "14102145"]
[BlackFideId "12401676"]
[EventDate "2012.08.28"]

1. e4 c5 2. Nf3 g6 3. d4 cxd4 4. Nxd4 Nc6 5. c4 Nf6 6. Nc3 Nxd4 7. Qxd4 d6 8.
Be2 Bg7 9. Be3 O-O 10. Qd2 Be6 11. O-O Qa5 12. b3 Rfc8 13. Rab1 a6 14. Rfc1 Rc6
15. f3 Nd7 16. b4 Qd8 17. Nd5 Rac8 18. a4 Bxd5 19. exd5 R6c7 20. a5 Qe8 21. Bf1
Qf8 22. Rd1 Re8 23. Rbc1 Rec8 24. Rc2 h5 25. Rdc1 Nf6 26. Bb6 Rd7 27. Re1 Kh7
28. g3 Ng8 29. Bh3 f5 30. Re6 Nh6 31. Bg2 Bf6 32. f4 Qg7 33. Bf3 h4 34. Kg2 Rg8
35. Be3 Nf7 36. c5 g5 37. c6 gxf4 38. cxd7 fxe3 39. Qxe3 hxg3 40. h3 Ne5 41. Qf4
Qg6 42. Be2 Kh8 43. Rc7 Rd8 44. Rc8 Nf7 45. Bd3 Qg8 46. Qxf5 Ng5 47. Rxf6 1-0

[Event "40th Olympiad Women"]
[Site "Istanbul TUR"]
[Date "2012.09.06"]
[Round "9.10"]
[Board "3"]
[White "Le, Kieu Thien Kim"]
[Black "Michna, Marta"]
[Result "0-1"]
[WhiteTitle "WIM"]
[BlackTitle "WGM"]
[WhiteElo "2226"]
[BlackElo "2380"]
[WhiteTeam "Vietnam"]
[BlackTeam "Germany"]
[WhiteFideId "12400572"]
[BlackFideId "1106686"]
[EventDate "2012.08.28"]

1. d4 Nf6 2. Nf3 e6 3. e3 c5 4. Bd3 b6 5. b3 Bb7 6. Bb2 Be7 7. Nbd2 O-O 8. O-O
d6 9. c4 Nbd7 10. Rc1 Rc8 11. Qe2 Qc7 12. Rfd1 Qb8 13. Bb1 Rfd8 14. e4 cxd4 15.
Nxd4 Qa8 16. Rc3 Bf8 17. Rg3 Kh8 18. Rh3 e5 19. Nf5 Nc5 20. Re1 Ne6 21. g3 g6
22. Nh6 Rc7 23. f4 Nd4 24. Qd3 Bg7 25. f5 b5 26. Bxd4 exd4 27. Nf3 bxc4 28. bxc4
Ba6 29. Ng5 Bxc4 30. Qxc4 Bxh6 31. Nxf7+ Rxf7 32. Qxf7 Rf8 33. Qe7 Bg7 34. Qxd6
Rd8 35. Qa3 Ng4 36. fxg6 h6 37. Qf3 Qc8 38. a3 Rf8 39. Qb3 d3 40. Qd5 Qc3 41.
Rd1 Qd4+ 42. Qxd4 Bxd4+ 43. Kh1 Nf2+ 44. Kg2 Nxd1 45. Rxh6+ Kg7 46. Rh7+ Kxg6
47. Rd7 Ne3+ 48. Kh3 0-1

[Event "40th Olympiad Women"]
[Site "Istanbul TUR"]
[Date "2012.09.06"]
[Round "9.10"]
[Board "4"]
[White "Levushkina, Elena"]
[Black "Hoang, Thi Nhu Y"]
[Result "0-1"]
[WhiteTitle "WGM"]
[BlackTitle "WIM"]
[WhiteElo "2301"]
[BlackElo "2228"]
[WhiteTeam "Germany"]
[BlackTeam "Vietnam"]
[WhiteFideId "14200686"]
[BlackFideId "12401455"]
[EventDate "2012.08.28"]

1. e4 c6 2. c4 d5 3. exd5 cxd5 4. cxd5 Nf6 5. Nc3 Nxd5 6. Nf3 Nc6 7. Bb5 e6 8.
O-O Nxc3 9. bxc3 Bd7 10. d4 Be7 11. Bd3 Rc8 12. Rb1 Qc7 13. Qe2 O-O 14. Qe4 f5
15. Qe2 Bd6 16. c4 b6 17. Bb2 Nb4 18. c5 Nxd3 19. cxd6 Qc2 20. Qxc2 Rxc2 21. Ne1
Rxb2 22. Nxd3 Rxb1 23. Rxb1 Rd8 24. Ne5 Be8 25. Rc1 Rxd6 26. Rc4 b5 27. Rc8 Kf8
28. h3 Rxd4 29. Rb8 Ra4 30. Nc6 Rxa2 31. Nd4 Ke7 32. Rb7+ Bd7 33. Nc6+ Kd6 34.
Nxa7 b4 35. Nb5+ Kc6 36. Rb8 Kc5 37. Nc7 Ra7 38. Ne8 Bxe8 39. Rxe8 Rb7 40. Rc8+
Kd4 41. Rd8+ Kc3 42. Rc8+ Kd3 43. Kf1 b3 44. Rd8+ Kc3 45. Rc8+ Kb4 46. Rc1 b2 0-1

[Event "40th Olympiad Women"]
[Site "Istanbul TUR"]
[Date "2012.09.06"]
[Round "9.11"]
[Board "1"]
[White "Matnadze, Ana"]
[Black "Cmilyte, Viktorija"]
[Result "1/2-1/2"]
[WhiteTitle "IM"]
[BlackTitle "GM"]
[WhiteElo "2422"]
[BlackElo "2520"]
[WhiteTeam "Spain"]
[BlackTeam "Lithuania"]
[WhiteFideId "13601377"]
[BlackFideId "12801259"]
[EventDate "2012.08.28"]

1. d4 Nf6 2. g3 c5 3. d5 b5 4. Bg2 Bb7 5. e4 d6 6. Ne2 g6 7. a4 b4 8. c4 bxc3 9.
Nbxc3 Bg7 10. O-O Na6 11. Bf4 O-O 12. e5 Ng4 13. exd6 exd6 14. Ne4 Ne5 15. Bg5
f6 16. Bd2 f5 17. Ng5 Nc7 18. h4 h6 19. Nh3 Rb8 20. Nef4 Bc8 21. Bc3 Kh7 22. Re1
Re8 23. Qc2 Qd7 24. h5 g5 25. Ne6 Nxe6 26. dxe6 Qxe6 27. f4 Qc4 28. fxe5 dxe5
29. Rad1 e4 30. Bf1 Qb3 31. Qxb3 Rxb3 32. Bb5 Re7 33. Rd8 Be6 34. Re3 Bxc3 35.
bxc3 Rb1+ 36. Kh2 Kg7 37. Nf2 Rb2 38. Kg1 g4 39. Re1 Rc2 40. Nd1 Kf6 41. Rd6 Rc1
42. Kf2 Kg5 43. Rc6 Bb3 44. Ne3 Rxc3 45. Rg6+ Kxh5 46. Rf6 Kg5 47. Rxf5+ Kg6 48.
Rf4 h5 49. Bc6 Re5 50. Bxe4+ Kg5 51. a5 Be6 52. Ng2 Ra3 53. Nh4 Ra2+ 54. Re2
Rxe2+ 55. Kxe2 c4 56. a6 Ra5 57. Bb1 Rxa6 58. Re4 Kf6 59. Rf4+ Kg5 60. Re4 Kf6
61. Rf4+ Kg5 62. Re4 Kf6 63. Rf4+ Ke5 1/2-1/2

[Event "40th Olympiad Women"]
[Site "Istanbul TUR"]
[Date "2012.09.06"]
[Round "9.11"]
[Board "2"]
[White "Daulyte, Deimante"]
[Black "Alexandrova, Olga"]
[Result "0-1"]
[WhiteTitle "WGM"]
[BlackTitle "IM"]
[WhiteElo "2216"]
[BlackElo "2417"]
[WhiteTeam "Lithuania"]
[BlackTeam "Spain"]
[WhiteFideId "12802859"]
[BlackFideId "14102463"]
[EventDate "2012.08.28"]

1. e4 c5 2. Nf3 e6 3. d4 cxd4 4. Nxd4 a6 5. Be2 Nf6 6. Nc3 d6 7. O-O Qc7 8. Be3
b5 9. f4 b4 10. e5 bxc3 11. exf6 gxf6 12. bxc3 Qxc3 13. Rf3 Bb7 14. Rg3 Nd7 15.
Bh5 Nc5 16. Rb1 Be4 17. f5 e5 18. Ne6 Qxc2 19. Bxf7+ Ke7 20. Qxc2 Bxc2 21. Rb2
Bxf5 22. Nxc5 Kxf7 23. Rb7+ Be7 24. Rxe7+ Kxe7 25. Rg7+ Kf8 26. Bh6 Ke8 27. Nb7
Rd8 28. Nxd8 Kxd8 29. Ra7 Re8 30. Bg7 Re6 31. Rxa6 Be4 32. Bh6 Kc7 33. Be3 Bb7
34. Rb6 Re8 35. a4 Ra8 36. Rb4 Bc6 37. a5 Kd7 38. Bb6 Bb7 39. Rh4 Rh8 40. Rg4
Re8 41. h4 Ke6 42. Kf2 f5 43. Rg5 f4 44. Rh5 Re7 45. Rh6+ Kd5 46. Rf6 Rd7 47. h5
Ke4 48. g3 fxg3+ 49. Kxg3 d5 50. Kf2 d4 51. Ke2 Rg7 52. Rf2 Ba6+ 53. Kd2 Rg5 54.
h6 Rh5 55. Rf6 Rh2+ 56. Kc1 Bd3 57. Re6 Ra2 58. Re7 Kd5 59. Rd7+ Kc4 60. Re7 Kc3
61. Rc7+ Bc4 62. Kb1 Rb2+ 63. Ka1 Rf2 0-1

[Event "40th Olympiad Women"]
[Site "Istanbul TUR"]
[Date "2012.09.06"]
[Round "9.11"]
[Board "3"]
[White "Vega Gutierrez, Sabrina"]
[Black "Kaspute, Vesta"]
[Result "1-0"]
[WhiteTitle "WGM"]
[BlackTitle "WFM"]
[WhiteElo "2355"]
[BlackElo "2118"]
[WhiteTeam "Spain"]
[BlackTeam "Lithuania"]
[WhiteFideId "2219026"]
[BlackFideId "12802310"]
[EventDate "2012.08.28"]

1. e4 c5 2. Nf3 d6 3. d4 cxd4 4. Nxd4 Nf6 5. Nc3 g6 6. Bc4 Bg7 7. O-O Nc6 8. Nb3
O-O 9. Re1 a6 10. Bf1 b5 11. Nd5 Nd7 12. c3 e6 13. Nb4 Nxb4 14. cxb4 Nb6 15. Rb1
d5 16. Be3 Nc4 17. Bc5 Re8 18. exd5 exd5 19. Rxe8+ Qxe8 20. Qxd5 Be6 21. Qb7 Rd8
22. Qxa6 Bd5 23. Rd1 Ra8 24. Ba7 Qc6 25. Qxc6 Bxc6 26. Bc5 Bxb2 27. Nd4 Bd7 28.
Re1 Rxa2 29. Re7 Ra1 30. Rxd7 Nd2 31. Rd8+ Kg7 32. Nf5+ gxf5 33. Rxd2 Bc3 34.
Bd4+ Bxd4 35. Rxd4 Rb1 36. g3 Kf6 37. Kg2 Ke5 38. Rf4 Kd5 1-0

[Event "40th Olympiad Women"]
[Site "Istanbul TUR"]
[Date "2012.09.06"]
[Round "9.11"]
[Board "4"]
[White "Ziogaite, Jovita"]
[Black "Calzetta Ruiz, Monica"]
[Result "0-1"]
[BlackTitle "WGM"]
[WhiteElo "2052"]
[BlackElo "2276"]
[WhiteTeam "Lithuania"]
[BlackTeam "Spain"]
[WhiteFideId "12802573"]
[BlackFideId "2204185"]
[EventDate "2012.08.28"]

1. e4 c5 2. Nf3 g6 3. d4 cxd4 4. Nxd4 Nc6 5. Nc3 Bg7 6. Be3 Nf6 7. Bc4 O-O 8.
Bb3 d6 9. h3 Na5 10. O-O b6 11. Re1 Bb7 12. Bg5 h6 13. Bh4 Rc8 14. Qd3 Nxb3 15.
axb3 a6 16. Rad1 b5 17. f4 b4 18. Nd5 Nxd5 19. exd5 Re8 20. Bf2 Qa5 21. Nf3 Bxb2
22. h4 Qb5 23. Qxb5 axb5 24. Re2 Bf6 25. Ne1 Kf8 26. g4 Rc7 27. g5 hxg5 28. hxg5
Bg7 29. Ng2 e5 30. Bb6 Rce7 31. Ba5 exf4 32. Rxe7 Rxe7 33. Bxb4 Be5 34. Kf2 Rc7
35. Rd2 f6 36. gxf6 Kf7 37. Ne1 Kxf6 38. Nd3 Bd4+ 39. Kf1 Be3 40. Bxd6 Rh7 41.
Rd1 Bxd5 42. Nf2 Bf3 43. Rd3 g5 44. b4 g4 45. Bc5 g3 46. Bxe3 g2+ 0-1

[Event "40th Olympiad Women"]
[Site "Istanbul TUR"]
[Date "2012.09.06"]
[Round "9.12"]
[Board "2"]
[White "Heinatz, Gundula"]
[Black "Pokorna, Regina"]
[Result "1/2-1/2"]
[WhiteTitle "WIM"]
[BlackTitle "WGM"]
[WhiteElo "2197"]
[BlackElo "2353"]
[WhiteTeam "Switzerland"]
[BlackTeam "Slovakia"]
[WhiteFideId "4612434"]
[BlackFideId "14902052"]
[EventDate "2012.08.28"]

1. d4 d5 2. c4 e6 3. Nf3 Nf6 4. g3 Bb4+ 5. Bd2 Be7 6. Bg2 O-O 7. O-O c6 8. Qc2
b6 9. Rd1 Nbd7 10. cxd5 cxd5 11. Ne5 Qe8 12. Nc3 Bb7 13. Rac1 Nxe5 14. dxe5 Ng4
15. Qb3 Bc5 16. Be1 Nxe5 17. Na4 Be7 18. Nc3 Rc8 19. a4 Nc6 20. Nb5 Ba8 21. Bc3
Bc5 22. e3 Qe7 23. Qc2 Bb7 24. Qe2 a6 25. Na3 Bb4 26. Nb1 Bxc3 27. Nxc3 Na5 28.
e4 d4 29. Na2 Rxc1 30. Nxc1 e5 31. Nd3 h6 32. h4 Nb3 33. Bh3 Nc5 34. Bf5 Nxa4
35. Qh5 Nc5 36. Nxe5 g6 37. Nxg6 fxg6 38. Qxg6+ Qg7 39. Qxg7+ Kxg7 40. Rxd4 a5
41. h5 b5 42. f4 a4 43. Bg6 Rc8 44. e5 Rc7 45. f5 Nd7 46. f6+ Nxf6 47. exf6+
Kxf6 48. Kf2 Rc4 49. Ke3 Rxd4 50. Kxd4 b4 51. Kc4 a3 52. bxa3 bxa3 53. Kb3 Kg5
54. Kxa3 Bf3 55. Be8 Bxh5 56. Ba4 Bf3 57. Be8 Kg4 58. Kb4 Kxg3 59. Kc3 Kh4 60.
Kd2 Bh5 61. Ba4 Kg3 62. Ke3 Bf7 63. Bd1 1/2-1/2

[Event "40th Olympiad Women"]
[Site "Istanbul TUR"]
[Date "2012.09.06"]
[Round "9.12"]
[Board "3"]
[White "Mrvova, Alena"]
[Black "De Seroux, Camille"]
[Result "0-1"]
[WhiteTitle "WIM"]
[BlackTitle "WFM"]
[WhiteElo "2241"]
[BlackElo "2101"]
[WhiteTeam "Slovakia"]
[BlackTeam "Switzerland"]
[WhiteFideId "14902036"]
[BlackFideId "1305620"]
[EventDate "2012.08.28"]

1. e4 c5 2. Nf3 d6 3. d4 cxd4 4. Nxd4 Nf6 5. Nc3 Nc6 6. Bg5 Qb6 7. Nb3 e6 8. Qd2
Be7 9. O-O-O O-O 10. f4 Rd8 11. Bd3 a6 12. Kb1 Qc7 13. Rhe1 b5 14. e5 dxe5 15.
fxe5 Nd5 16. Bxe7 Qxe7 17. Nxd5 Rxd5 18. Qc3 Bb7 19. Be4 b4 20. Qh3 Rxd1+ 21.
Rxd1 h6 22. Bxc6 Bxc6 23. Qg4 Bd5 24. Rd3 Qc7 25. Qxb4 Qxe5 26. Rg3 Rc8 27. Qd4
Qxd4 28. Nxd4 Be4 29. Re3 Bxg2 30. b3 Rd8 31. Ne2 Rd1+ 32. Nc1 h5 33. Kb2 h4 34.
Nd3 Rh1 35. Nf4 Rxh2 36. Re2 h3 37. Nxh3 Rxh3 38. Rxg2 f5 39. c4 f4 40. c5 Kf7
41. b4 e5 42. a4 f3 43. Rc2 e4 44. c6 e3 45. c7 Rh8 46. b5 axb5 47. axb5 f2 0-1

[Event "40th Olympiad Women"]
[Site "Istanbul TUR"]
[Date "2012.09.06"]
[Round "9.12"]
[Board "4"]
[White "Stoeri, Laura"]
[Black "Machalova, Veronika"]
[Result "1/2-1/2"]
[BlackTitle "WFM"]
[WhiteElo "2057"]
[BlackElo "2222"]
[WhiteTeam "Switzerland"]
[BlackTeam "Slovakia"]
[WhiteFideId "1304313"]
[BlackFideId "14904888"]
[EventDate "2012.08.28"]

1. e4 c5 2. Nf3 d6 3. d4 cxd4 4. Nxd4 Nf6 5. Nc3 Nc6 6. Bg5 e6 7. Qd2 a6 8.
O-O-O Bd7 9. f4 b5 10. Bxf6 gxf6 11. Kb1 Qb6 12. Nxc6 Bxc6 13. Qe1 O-O-O 14. a3
h5 15. Rd3 Qb7 16. Rg1 Be7 17. Be2 h4 18. Bg4 Rhg8 19. Bh3 Rh8 20. f5 Bd7 21.
Rf1 Rh7 22. Rf4 Rdh8 23. Na2 Kb8 24. Qa5 Bd8 25. Qb4 Be7 26. Qb3 e5 27. Rg4 Bc6
28. Nc3 Rc8 29. Nd5 Bxd5 30. exd5 Rc5 31. Rg8+ Ka7 32. Bg4 Rc4 33. Rc3 Rc5 34.
Bf3 Qd7 35. a4 Bd8 36. axb5 Rxb5 37. Qc4 Rc5 38. Qd3 Rxc3 39. Qxc3 Bb6 40. Qd3
Qb5 41. Qd2 h3 42. Be2 Qa5 43. Qxa5 Bxa5 44. gxh3 Rxh3 45. Rg2 Rh7 46. c3 Bb6
47. Kc2 Be3 48. Bg4 1/2-1/2

[Event "40th Olympiad Women"]
[Site "Istanbul TUR"]
[Date "2012.09.06"]
[Round "9.13"]
[Board "1"]
[White "Novkovic, Julia"]
[Black "Kulovana, Eva"]
[Result "1-0"]
[WhiteTitle "WFM"]
[BlackTitle "WGM"]
[WhiteElo "2066"]
[BlackElo "2259"]
[WhiteTeam "Austria"]
[BlackTeam "Czech Republic"]
[WhiteFideId "12000086"]
[BlackFideId "318779"]
[EventDate "2012.08.28"]

1. e4 c6 2. d4 d5 3. Nc3 dxe4 4. Nxe4 Bf5 5. Ng3 Bg6 6. Nf3 Nf6 7. Bc4 e6 8. O-O
Bd6 9. Re1 O-O 10. Nh4 Nbd7 11. Nxg6 hxg6 12. Ne4 Nxe4 13. Rxe4 Nf6 14. Rh4 Re8
15. Bg5 Qa5 16. Bd2 Qc7 17. Qf3 Kf8 18. Bg5 Ng8 19. Rh8 f5 20. Qb3 Kf7 21. Re1
Qd7 22. f4 b5 23. Bf1 Nf6 24. Rxe8 Nxe8 25. a4 a6 26. Ra1 Qb7 27. c4 Nc7 28.
axb5 axb5 29. Rxa8 Qxa8 30. cxb5 cxb5 31. g3 Qe4 32. Qd3 Qe1 33. Bd8 Nd5 34.
Qxb5 Qe3+ 35. Kg2 Qxd4 36. Qd7+ Be7 37. Bb5 Ne3+ 38. Kf3 Qe4+ 39. Ke2 Nd5+ 40.
Kd2 Qd4+ 41. Kc1 Qg1+ 42. Kd2 Qxh2+ 43. Kc1 Qg1+ 44. Kd2 Qf2+ 45. Kc1 Qc5+ 46.
Kd2 Qb4+ 47. Kc1 Nf6 48. Bxe7 Qxe7 49. Qd4 Ne4 50. b4 Nxg3 51. Bd3 g5 52. b5
Qc7+ 53. Kd2 Qa5+ 54. Kd1 gxf4 55. b6 f3 56. Qd7+ Kf6 57. b7 Qb6 58. Qc8 Qe3 59.
Qc3+ e5 60. b8=Q Ne4 61. Qbxe5+ Kg5 62. Qxg7+ Kh4 63. Qh7+ Kg3 64. Qe5+ Kg2 65.
Qhh2# 1-0

[Event "40th Olympiad Women"]
[Site "Istanbul TUR"]
[Date "2012.09.06"]
[Round "9.13"]
[Board "2"]
[White "Nemcova, Katerina"]
[Black "Exler, Veronika"]
[Result "1/2-1/2"]
[WhiteTitle "WGM"]
[BlackTitle "WFM"]
[WhiteElo "2276"]
[BlackElo "2103"]
[WhiteTeam "Czech Republic"]
[BlackTeam "Austria"]
[WhiteFideId "322750"]
[BlackFideId "1620550"]
[EventDate "2012.08.28"]

1. e4 e5 2. Nf3 Nc6 3. Bc4 Nf6 4. Ng5 d5 5. exd5 Na5 6. Bb5+ c6 7. dxc6 bxc6 8.
Bd3 Nd5 9. Nf3 Nf4 10. O-O Bd6 11. Re1 Nxd3 12. cxd3 O-O 13. Nc3 Ba6 14. Nxe5
Bxe5 15. Rxe5 Bxd3 16. b3 Re8 17. Qe1 c5 18. Ba3 c4 19. Qe3 Rxe5 20. Qxe5 cxb3
21. axb3 Nxb3 22. Re1 Nxd2 23. Nd5 Nc4 24. Qd4 Nxa3 25. Qxd3 Qa5 26. Qe4 Rf8 27.
Re3 h6 28. h4 Nb5 29. Qe5 Qa4 30. Rg3 Qd1+ 31. Kh2 Qd4 32. Qf5 Kh8 33. Nf4 Nd6
34. Ng6+ Kg8 35. Ne7+ Kh8 36. Ng6+ Kg8 37. Ne7+ Kh8 38. Ng6+ 1/2-1/2

[Event "40th Olympiad Women"]
[Site "Istanbul TUR"]
[Date "2012.09.06"]
[Round "9.13"]
[Board "3"]
[White "Kopinits, Anna-Christina"]
[Black "Havlikova, Kristyna"]
[Result "0-1"]
[WhiteTitle "WIM"]
[BlackTitle "WIM"]
[WhiteElo "2234"]
[BlackElo "2298"]
[WhiteTeam "Austria"]
[BlackTeam "Czech Republic"]
[WhiteFideId "1614142"]
[BlackFideId "309672"]
[EventDate "2012.08.28"]

1. e4 c5 2. b3 Nf6 3. e5 Nd5 4. Bb2 g6 5. Nf3 Bg7 6. Bc4 Nc7 7. Nc3 O-O 8. d4 d5
9. exd6 exd6 10. O-O Nc6 11. d5 Nd4 12. Nxd4 Bxd4 13. Qc1 Bf5 14. a4 Qf6 15. Nd1
Bxb2 16. Nxb2 Be4 17. Rd1 Rae8 18. f3 Bf5 19. Nd3 Bxd3 20. Rxd3 Re5 21. Qf1 Rfe8
22. Rad1 R8e7 23. R3d2 Ne8 24. Re2 Ng7 25. Rxe5 Rxe5 26. Re1 Nf5 27. Bd3 Rxe1
28. Qxe1 Qd4+ 29. Kh1 Qxd5 30. Bxf5 Qxf5 31. Qf2 b6 32. h3 Qf4 33. Qe2 d5 34. a5
bxa5 35. Qe7 Qd4 36. c3 Qxc3 37. Qd8+ Kg7 38. Qxd5 Qd4 39. Qg5 h6 40. Qc1 a4 41.
bxa4 c4 42. a5 c3 43. Kh2 Qd2 44. Qa1 Qb2 0-1

[Event "40th Olympiad Women"]
[Site "Istanbul TUR"]
[Date "2012.09.06"]
[Round "9.13"]
[Board "4"]
[White "Olsarova, Karolina"]
[Black "Schnegg, Anna-Lena"]
[Result "0-1"]
[WhiteTitle "WIM"]
[WhiteElo "2267"]
[BlackElo "2088"]
[WhiteTeam "Czech Republic"]
[BlackTeam "Austria"]
[WhiteFideId "320242"]
[BlackFideId "1625268"]
[EventDate "2012.08.28"]

1. d4 d5 2. Nf3 Nf6 3. Bf4 c5 4. e3 Nc6 5. Nbd2 cxd4 6. exd4 Bf5 7. c3 e6 8. Qb3
Qc8 9. h3 h6 10. Be2 Be7 11. O-O O-O 12. Rfe1 Qd7 13. Bb5 Bd6 14. Ne5 Qc7 15.
Ndf3 a6 16. Bf1 Na5 17. Qd1 b5 18. Qc1 Rfc8 19. g4 Be4 20. Bg2 b4 21. cxb4 Qb8
22. Qd1 Qxb4 23. Nd3 Bxd3 24. Bxd6 Qxd6 25. Qxd3 Qb4 26. Re2 Rc4 27. Rc2 Rac8
28. Rac1 Ne4 29. Rxc4 Rxc4 30. Rxc4 Qxc4 31. Qxc4 Nxc4 32. b3 Na3 33. Ne5 Nc3
34. Bf1 Nxa2 35. Bxa6 Nb4 36. Bb7 Nb5 37. Nf3 Nd6 38. Ba8 Kf8 39. Kf1 Ke7 40.
Ke2 Kd7 41. Kd2 Ne4+ 42. Ke3 Kc7 43. Ne5 f6 44. Ng6 Kb8 45. Nf4 Kxa8 46. Nxe6 g5
47. Ng7 Nd6 48. Nh5 f5 49. f4 Nc2+ 50. Kd3 Ne1+ 51. Ke2 Ng2 52. fxg5 hxg5 53.
Kf2 Nh4 54. gxf5 Nhxf5 55. Kg2 Ne4 56. h4 Nxh4+ 57. Kh3 Nf5 58. Kg4 Nxd4 59. Ng7
Nxb3 60. Ne6 Kb7 61. Kf5 Kc6 62. Ke5 g4 63. Nf4 g3 64. Ng2 Nbc5 65. Kd4 Nd7 66.
Ne3 Ndf6 67. Ng2 Kd6 68. Nf4 Ke7 69. Ke3 Kf7 70. Ne2 Kg6 71. Kf4 Kh5 72. Kf5 Kh6
73. Kf4 Kg6 74. Nd4 Kf7 75. Kf3 Ke7 76. Ke3 Kd6 77. Ne2 Ke5 78. Kf3 d4 79. Nf4
Kd6 80. Ke2 Kc5 81. Kd3 Nf2+ 82. Ke2 d3+ 83. Ke3 Nd5+ 0-1